000 00732nam a2200229Ia 4500
003 OSt
005 20241009150608.0
008 210323s9999||||xx |||||||||||||| ||und||
020 _a9788126417629
040 _cSTCPL
041 _aMAL
082 _aM07
_bGEO-I
100 _aGeorge, K. M.
_qകെ. എം. ജോര്‍ജ്
245 0 _aIrupathonnam noottandile vicharasilppikal /
_cby K. M. George
_hഇരുത്തൊന്നാം നൂറ്റാണ്ടിന്‍റെ വിചാരശില്പികള്‍
260 _aKottayam :
_bD C Book ,
_c2007 .
300 _a134 p.
_bPB
650 _aMalayalam literature
650 _aNon-Fiction
650 _aStudy
942 _cBK
942 _2ddc
999 _c57318
_d57318